| 000 | 00968nam a22002417a 4500 | ||
|---|---|---|---|
| 999 |
_c382 _d382 |
||
| 003 | AR-CdUCM | ||
| 008 | 190223b ||||| |||| 00| 0 spa d | ||
| 020 | _a9501268381 | ||
| 040 |
_aMUNICIPALIDAD PROVINCIAL DEL CUSCO _cBIBLIOTECA MUNICIPAL DEL CUSCO |
||
| 041 | _heng | ||
| 082 |
_a970 / _bF35 |
||
| 100 |
_aFeinstein, Howard M. _91536 |
||
| 245 |
_aLa formación de William James / _cFeinstein, Howard M. ; Piatigorsky, Jorge (traductor) |
||
| 260 |
_aBuenos Aires - Argentina : _bPaidos, Saicf, _c1987. |
||
| 300 |
_a374 páginas ; _bilustraciones, fotografías, _c22 cm. |
||
| 505 | _aUn crimen contra la infancia -- Ideología para un pródigo -- La teoría de la evolución en Harvard -- El uso y abuso de la enfermedad -- El profesor James ... | ||
| 650 |
_aHistoria de América. _91537 |
||
| 650 |
_aPsicología. _91538 |
||
| 650 |
_aFilosofía. _9395 |
||
| 700 |
_aPiatigorsky, Jorge (traductor) _91539 |
||
| 942 |
_2ddc _cLIBROS |
||
| 945 |
_aachl _d2019-02-23 |
||